000 01626nam0a2200313 4500
001 RU\NLR\bibl\191458
005 20260407065632.0
010 _a5-900780-26-0
_9100
021 _aRU
_b2000-48106
_92216
035 _a(NLR Aleph) 000187971
090 _a1086427
_c1086427
100 _a20011011d2000 |||y0rusy50 ca
101 0 _arus
102 _aRU
105 _aab |||||||||
200 1 _aVII Санкт-Петербургская Международная конференция по интегрированным навигационным системам (29 - 31 мая 2000 г. [Россия, Санкт-Петербург])
_f[Гл. ред. В.Г. Пешехонов]
210 _aСПб.
_cЭлектроприбор
_d2000
215 _a189 с.
_cил.
_d29
300 _aВ надзаг.: Науч. совет Рос. акад. наук по пробл. упр. движением навигации, Гос. науч. центр Рос. Федерации - ЦНИИ "Электроприбор"
320 _aБиблиогр. в конце докл.
606 0 _aНавигационные системы
_jСъезды, совещания и т.п.
_91662356
_3RU\NLR\auth\66736648
686 _aО471-5я431
702 1 _aПешехонов
_bВ. Г.
_4340
710 1 2 _aСанкт-Петербургская международная конференция по интегрированным навигационным системам
_d7
_f2000
_9564720
_3RU\NLR\AUTH\8810033093
801 0 _aRU
_bNLR
_c20011011
_gPSBO
801 1 _aRU
_bNLR
_c20011011
942 _cBOOK
980 _aNB